| 000 | 00545nam a2200157 4500 | ||
|---|---|---|---|
| 001 | 113478 | ||
| 003 | ES-MaACL | ||
| 005 | 20230906185916.0 | ||
| 007 | t| | ||
| 008 | 061121s1975 sp r ||||1| spa d | ||
| 100 | 1 |
_aPalacios Martín, Bonifacio. _988436 |
|
| 245 | 1 | 3 |
_aLa coronación de los Reyes de Aragón _b: 1204-1410 : aportación al estudio de las estructuras políticas medievales / _cBonifacio Palacios Martín. |
| 260 |
_aValencia : _b[Anubar], _c1975. |
||
| 300 |
_a343 p. : _bil. ; _c22 cm. |
||
| 852 |
_aES-MaACL _jA-8857 _bR.98291 |
||
| 999 |
_c113478 _d113478 |
||